000 00421pab a2200157 454500
008 180718b2005 xxu||||| |||| 00| 0 eng d
100 _aBovi, Manrizio
245 _aGlobalization vs Europeanization: a business cycles race
260 _c2005
300 _ap.331-45.
362 _aJun
650 _aEuropean union
650 _aGlobalization
773 _aOxford Bulletin of Economics and Statistics
909 _a66106
999 _c66106
_d66106